[Event "NOR-ch Rapid"]
[Site "Drammen"]
[Date "2023.01.08"]
[Round "6"]
[White "Valvag, Torbjorn"]
[Black "Haldorsen, Benjamin"]
[Result "0-1"]
[WhiteElo "1995"]
[BlackElo "2449"]
[PlyCount "106"]
[EventDate "2023.01.07"]
[EventType "swiss (rapid)"]
[EventRounds "10"]
[EventCountry "NOR"]
[SourceTitle "CBM 212 Extra"]
[Source "ChessBase"]
[SourceDate "2023.03.31"]
[SourceVersion "1"]
[SourceVersionDate "2023.03.31"]
[SourceQuality "1"]

1. d4 g6 2. Bf4 Bg7 3. Nc3 d6 4. e4 a6 5. a4 Nc6 6. Nf3 Bg4 7. d5 Nd4 8. Be2 Nxe2 9. Qxe2 e5 10. Be3 Ne7 11. h3 Bd7 12. Qd2 h6 13. g4 Qc8 14. 0-0-0 b5 15. a5 h5 16. Nh2 hxg4 17. hxg4 Bxg4 18. Nxg4 Rxh1 19. Rxh1 Qxg4 20. Qd3 f5 21. Rf1 f4 22. f3 Qd7 23. Bd2 Kf7 24. Na2 g5 25. Rg1 Bf6 26. Nb4 Rh8 27. Qc3 Qc8 28. Qd3 Rh3 29. c4 Qb7 30. cxb5 axb5 31. a6 Qb6 32. Rg2 Rh1+ 33. Kc2 Ra1 34. Qc3 Qc5 35. b3 Nc8 36. Kb2 Rf1 37. Nc6 Qxc3+ 38. Bxc3 Rxf3 39. Ba5 Re3 40. Bxc7 f3 41. Rg1 Rxe4 42. Bxd6 Re2+ 43. Ka3 e4 44. Bc5 e3 45. d6 f2 46. Rf1 Re1 47. d7 Na7 48. Bd4 Nxc6 49. Bxf6 Rxf1 50. a7 Ra1+ 51. Bxa1 f1Q 52. Bc3 b4+ 53. Bxb4 Qa6+ 0-1

[Event "Norway Chess op-A"]
[Site "Stavanger"]
[Date "2022.06.06"]
[Round "5"]
[White "Gueci, Tea"]
[Black "Valvag, Torbjorn"]
[Result "1-0"]
[WhiteElo "2266"]
[BlackElo "1979"]
[PlyCount "115"]
[EventDate "2022.06.03"]
[EventType "swiss"]
[EventRounds "9"]
[EventCountry "NOR"]
[SourceTitle "CBM 208 Extra"]
[Source "ChessBase"]
[SourceDate "2022.07.31"]
[SourceVersion "1"]
[SourceVersionDate "2022.07.31"]
[SourceQuality "1"]

1. e4 c5 2. Nf3 Nc6 3. Bb5 g6 4. 0-0 Bg7 5. Re1 Nf6 6. e5 Nd5 7. Nc3 Nc7 8. Bxc6 dxc6 9. Ne4 Ne6 10. d3 0-0 11. Be3 b6 12. Qd2 Nd4 13. Nxd4 cxd4 14. Bh6 f6 15. exf6 exf6 16. Bxg7 Kxg7 17. Qf4 Qd5 18. h4 Be6 19. Ng3 Rad8 20. h5 g5 21. Qd2 h6 22. Re2 Rde8 23. Rae1 Bd7 24. Re4 f5 25. c4 dxc3 26. Qxc3+ Kh7 27. Re5 Rxe5 28. Rxe5 Qf7 29. d4 Re8 30. Qa3 Rxe5 31. dxe5 Be6 32. b3 Bd5 33. Qa6 Be6 34. f3 Qd7 35. Kh2 Kg8 36. Qa3 c5 37. Qb2 b5 38. Qc3 c4 39. bxc4 bxc4 40. a3 Kf7 41. Kg1 Qb5 42. Ne2 Qb3 43. Kf2 Qxc3 44. Nxc3 Ke7 45. Ke3 Kd7 46. Kd4 Kc6 47. Nd1 Kb5 48. Ne3 a5 49. g4 f4 50. Nc2 Kc6 51. Ne1 Bd5 52. a4 Be6 53. Nc2 Bd5 54. Kc3 Kc5 55. Nd4 Bf7 56. e6 Be8 57. Nb5 Bc6 58. e7 1-0

[Event "Norway Chess op-A"]
[Site "Stavanger"]
[Date "2022.06.05"]
[Round "4"]
[White "Valvag, Torbjorn"]
[Black "Machin, Guillaume"]
[Result "1-0"]
[WhiteElo "1979"]
[BlackElo "2167"]
[PlyCount "97"]
[EventDate "2022.06.03"]
[EventType "swiss"]
[EventRounds "9"]
[EventCountry "NOR"]
[SourceTitle "CBM 208 Extra"]
[Source "ChessBase"]
[SourceDate "2022.07.31"]
[SourceVersion "1"]
[SourceVersionDate "2022.07.31"]
[SourceQuality "1"]

1. e4 Nf6 2. e5 Nd5 3. d4 Nb6 4. Nf3 d5 5. h3 Bf5 6. Bd3 Bxd3 7. Qxd3 e6 8. 0-0 Be7 9. a4 0-0 10. a5 N6d7 11. Be3 c5 12. dxc5 Nc6 13. Qc3 a6 14. Nbd2 Qb8 15. Nb3 Ndxe5 16. Bf4 Nxf3+ 17. Qxf3 Qc8 18. Qg3 Bf6 19. c3 g6 20. Rfe1 Ne7 21. Be5 Nf5 22. Qf4 Bxe5 23. Qxe5 Qc6 24. g4 Ng7 25. Qd6 Qb5 26. Qb6 Qd7 27. Nd4 h5 28. c6 bxc6 29. Nxc6 hxg4 30. hxg4 Qd6 31. Ra4 Ne8 32. Ne5 Qe7 33. Rb4 Kg7 34. Qd4 Kg8 35. Kg2 Ng7 36. Rh1 Qg5 37. Nd7 f6 38. Nxf8 Rxf8 39. Qe3 Qxe3 40. fxe3 f5 41. g5 Nh5 42. Rhh4 e5 43. Rb6 Kg7 44. Rxa6 f4 45. Ra7+ Kg8 46. Re7 Rf5 47. a6 fxe3 48. a7 Rxg5+ 49. Kh2 1-0

[Event "Tromsoe Sept op"]
[Site "Tromsoe"]
[Date "2021.09.03"]
[Round "5"]
[White "Valvag, Torbjorn"]
[Black "Holand, Per Fredrik"]
[Result "0-1"]
[WhiteElo "1887"]
[BlackElo "1975"]
[PlyCount "130"]
[EventDate "2021.09.03"]
[EventType "swiss"]
[EventRounds "5"]
[EventCountry "NOR"]
[SourceTitle "EXT 2022"]
[Source "ChessBase"]
[SourceDate "2021.10.06"]
[SourceVersion "1"]
[SourceVersionDate "2021.10.06"]
[SourceQuality "1"]

1. d4 Nf6 2. Bf4 d5 3. e3 e6 4. Nf3 Bd6 5. Bg3 c5 6. c3 Qc7 7. Bb5+ Nbd7 8. Nbd2 0-0 9. Bd3 e5 10. dxe5 Nxe5 11. Nxe5 Bxe5 12. Nf3 Bxg3 13. hxg3 h6 14. 0-0 Re8 15. Re1 Bd7 16. Qc2 Bc6 17. b4 c4 18. Be2 a5 19. a3 Ra7 20. Nd4 Qd7 21. Qb2 axb4 22. axb4 Ba4 23. b5 Rea8 24. Ra3 Bb3 25. Rxa7 Rxa7 26. Nxb3 Qxb5 27. Rb1 Qxb3 28. Qxb3 cxb3 29. Rxb3 Ne4 30. f3 Nxg3 31. Bd3 Nh5 32. c4 dxc4 33. Bxc4 Nf6 34. e4 Kf8 35. Rb4 Ke7 36. e5 Nd7 37. f4 Nb8 38. Bd5 Nc6 39. Rb6 Nd8 40. Kf2 Ra6 41. Rb5 b6 42. Ke3 Ra5 43. Rxa5 bxa5 44. f5 h5 45. Kd4 f6 46. e6 Kd6 47. Bf3 Nc6+ 48. Kc3 Ne7 49. Be4 Ke5 50. Bc2 g5 51. fxg6 f5 52. Bd1 h4 53. Kb3 Kxe6 54. Ka4 Nxg6 55. Kxa5 Ke5 56. Kb5 Nf4 57. Bf3 Nd3 58. Kc4 Ne1 59. Ba8 Kf4 60. Kc3 Kg3 61. Kd2 Nxg2 62. Ke2 h3 63. Kf1 f4 64. Kg1 f3 65. Bb7 f2+ 0-1

[Event "Tromsoe Sept op"]
[Site "Tromsoe"]
[Date "2021.09.03"]
[Round "1"]
[White "Valvag, Torbjorn"]
[Black "Royset, Pal"]
[Result "1/2-1/2"]
[WhiteElo "1887"]
[BlackElo "2178"]
[PlyCount "63"]
[EventDate "2021.09.03"]
[EventType "swiss"]
[EventRounds "5"]
[EventCountry "NOR"]
[SourceTitle "EXT 2022"]
[Source "ChessBase"]
[SourceDate "2021.10.06"]
[SourceVersion "1"]
[SourceVersionDate "2021.10.06"]
[SourceQuality "1"]

1. d4 c5 2. d5 e5 3. Nc3 d6 4. e4 Nf6 5. Bd3 Be7 6. Nge2 0-0 7. 0-0 Nbd7 8. Ng3 a6 9. a4 Ne8 10. f4 exf4 11. Bxf4 Bg5 12. Qg4 Bxf4 13. Qxf4 Ne5 14. Be2 g6 15. Nd1 f6 16. Ne3 Bd7 17. a5 b5 18. h4 Qe7 19. b3 Ng7 20. h5 g5 21. Qf2 h6 22. Ngf5 Nxf5 23. Nxf5 Bxf5 24. Qxf5 Rae8 25. Rae1 Qh7 26. c4 Qxf5 27. exf5 b4 28. g4 Re7 29. Kg2 Rfe8 30. Bd1 Kf8 31. Kg3 Kf7 32. Bc2 1/2-1/2

[Event "Harstad Advokatfirmaet op"]
[Site "Harstad"]
[Date "2019.10.11"]
[Round "6"]
[White "Johnsen, Kurt Arne"]
[Black "Valvag, Torbjorn"]
[Result "0-1"]
[WhiteElo "1649"]
[BlackElo "2007"]
[PlyCount "126"]
[EventDate "2019.10.11"]
[EventType "swiss"]
[EventRounds "7"]
[EventCountry "NOR"]
[SourceTitle "EXT 2021"]
[Source "ChessBase"]
[SourceDate "2020.10.23"]
[SourceVersion "1"]
[SourceVersionDate "2020.10.23"]
[SourceQuality "1"]

1. d4 d5 2. c4 c6 3. Nc3 e6 4. Nf3 Bd6 5. e4 dxe4 6. Nxe4 Bb4+ 7. Bd2 Be7 8. Be2 Nf6 9. Nxf6+ Bxf6 10. Bb4 Na6 11. Bc3 c5 12. 0-0 0-0 13. Rc1 cxd4 14. Bxd4 Bxd4 15. Qxd4 Qxd4 16. Nxd4 Rd8 17. Rfd1 e5 18. Nc6 Re8 19. Ne7+ Kf8 20. Nd5 Be6 21. h3 Rac8 22. Ne3 f5 23. g4 f4 24. Nf5 Bxf5 25. gxf5 Rc7 26. Rd2 Nb4 27. Rd6 Nc6 28. c5 Nd4 29. Kf1 Nxf5 30. Rd5 Nd4 31. Bd3 g6 32. b4 Nf3 33. Bb5 Ree7 34. Rcd1 Nd4 35. Rd8+ Kg7 36. Bc4 b6 37. Rd5 bxc5 38. bxc5 Rcd7 39. Re1 Rxd5 40. Bxd5 Kf6 41. Be4 Rc7 42. Rc1 Ne6 43. c6 Nd4 44. Rc5 Ke6 45. Ke1 Nf5 46. Rb5 Ne7 47. Ra5 Kd6 48. Kd2 g5 49. Kd3 h6 50. Bf3 Nxc6 51. Bxc6 Rxc6 52. Rxa7 Ke6 53. a4 Kf5 54. Rf7+ Ke6 55. Rh7 Rd6+ 56. Kc3 Kf5 57. f3 e4 58. fxe4+ Kxe4 59. a5 Kf3 60. Kc4 Kg2 61. Kb5 f3 62. a6 Rxa6 63. Kxa6 f2 0-1

[Event "Harstad Advokatfirmaet op"]
[Site "Harstad"]
[Date "2019.10.11"]
[Round "5"]
[White "Valvag, Torbjorn"]
[Black "Schouten, Mathias Lind"]
[Result "0-1"]
[WhiteElo "2007"]
[BlackElo "1929"]
[PlyCount "82"]
[EventDate "2019.10.11"]
[EventType "swiss"]
[EventRounds "7"]
[EventCountry "NOR"]
[SourceTitle "EXT 2021"]
[Source "ChessBase"]
[SourceDate "2020.10.23"]
[SourceVersion "1"]
[SourceVersionDate "2020.10.23"]
[SourceQuality "1"]

1. d4 Nf6 2. Bf4 c5 3. d5 b5 4. Nc3 b4 5. Nb1 Bb7 6. c4 e6 7. g3 exd5 8. Bg2 d6 9. cxd5 Qe7 10. Qd3 Nbd7 11. Nd2 Nb6 12. e4 Bxd5 13. Bxd6 Qxd6 14. exd5 Be7 15. Ne4 Nxe4 16. Bxe4 Qe5 17. Nf3 Qxb2 18. Rb1 Qxa2 19. d6 c4 20. Bc6+ Nd7 21. Qe4 0-0 22. dxe7 Nc5 23. Bxa8 Re8 24. Rd1 Nxe4 25. Bxe4 Qa5 26. 0-0 Rxe7 27. Rd5 Qc7 28. Rfd1 g6 29. Bb1 a5 30. Rc1 Kg7 31. Ba2 c3 32. Bb3 Re2 33. Kf1 Rb2 34. Nd4 Qb7 35. Rd1 a4 36. Ne6+ Kf6 37. Nc5 Qe7 38. Rd6+ Kg7 39. Ne6+ Kh6 40. Bxa4 fxe6 41. Rc6 Qa7 0-1

[Event "EU-ch U12 28th"]
[Site "Riga"]
[Date "2018.08.21"]
[Round "2"]
[White "Valvag, Torbjorn"]
[Black "Rousis, Chrysostomos"]
[Result "1-0"]
[WhiteElo "1674"]
[BlackElo "1491"]
[PlyCount "138"]
[EventDate "2018.08.20"]
[EventType "swiss"]
[EventRounds "9"]
[EventCountry "LAT"]
[SourceTitle "CBM 186 Extra"]
[Source "ChessBase"]
[SourceDate "2018.08.24"]
[SourceVersion "1"]
[SourceVersionDate "2018.08.24"]
[SourceQuality "1"]

1. e4 c6 2. d4 d5 3. exd5 cxd5 4. Bf4 Nf6 5. Nf3 Bg4 6. Bd3 e6 7. Nbd2 Nc6 8. c3 Bd6 9. Bxd6 Qxd6 10. h3 Bh5 11. g4 Bg6 12. Bxg6 hxg6 13. g5 Nh5 14. Qe2 Nf4 15. Qf1 0-0 16. 0-0-0 Rfc8 17. Kb1 a6 18. h4 b5 19. a3 Rab8 20. Ne1 a5 21. Nd3 Nh5 22. b4 axb4 23. axb4 Ra8 24. Kb2 Ra7 25. Qe2 Rca8 26. Ra1 Qc7 27. Nb3 Nf4 28. Nxf4 Qxf4 29. Qe3 Qc7 30. Rxa7 Rxa7 31. Ra1 Rxa1 32. Kxa1 Ne7 33. Nc5 Nf5 34. Qe2 Nd6 35. h5 Qa7+ 36. Kb1 gxh5 37. Qxh5 g6 38. Qe2 Nc4 39. Qa2 Qxa2+ 40. Kxa2 Nd2 41. Kb2 Nf3 42. Na6 Nxg5 43. Nc7 Ne4 44. Nxb5 Nxf2 45. Nd6 Kf8 46. b5 Ke7 47. Nxf7 Ne4 48. b6 Nd6 49. Ne5 g5 50. Kb3 Kf6 51. Kb4 Kf5 52. Kc5 Nb7+ 53. Kc6 Na5+ 54. Kc7 g4 55. Nc6 g3 56. Nxa5 g2 57. b7 g1Q 58. b8Q Qg3+ 59. Kb7 Qxb8+ 60. Kxb8 e5 61. Kc7 e4 62. Nb3 Kf4 63. Kd6 Ke3 64. Ke5 Kd3 65. Nc1+ Ke3 66. c4 Kf3 67. c5 e3 68. c6 e2 69. Nxe2 Kxe2 1-0

[Event "Tromsoe NNM Class1"]
[Site "Tromsoe"]
[Date "2017.06.03"]
[Round "2"]
[White "Johansen, Goran"]
[Black "Valvag, Torbjorn"]
[Result "0-1"]
[WhiteElo "1669"]
[BlackElo "1524"]
[PlyCount "112"]
[EventDate "2017.06.02"]
[EventType "swiss"]
[EventRounds "6"]
[EventCountry "NOR"]
[SourceTitle "EXT 2024"]
[Source "ChessBase"]
[SourceDate "2023.10.10"]
[SourceVersion "1"]
[SourceVersionDate "2023.10.10"]
[SourceQuality "1"]

1. e4 c5 2. d4 cxd4 3. c3 dxc3 4. Nxc3 e6 5. Nf3 Bb4 6. Qd4 Bxc3+ 7. Qxc3 Nf6 8. Bg5 0-0 9. Bd3 Nc6 10. e5 Nd5 11. Bxh7+ Kh8 12. Bxd8 Nxc3 13. bxc3 Rxd8 14. Bd3 d5 15. 0-0-0 b6 16. Rhe1 Bb7 17. Nd4 a6 18. Kd2 Na5 19. Rb1 b5 20. a4 bxa4 21. Rb4 Bc6 22. Nxc6 Nxc6 23. Rxa4 a5 24. Bb5 Rdc8 25. f4 Rab8 26. Rb1 Rb6 27. Bd3 Rxb1 28. Bxb1 Rb8 29. Kc2 f6 30. exf6 gxf6 31. Ba2 Kg7 32. Bb3 Rh8 33. h3 Kf7 34. f5 Rg8 35. fxe6+ Kxe6 36. g4 Rh8 37. Re4+ Kd6 38. Re3 Ne5 39. Rg3 Rh4 40. Kd2 Kc5 41. Ke3 Rh8 42. Kf4 Rb8 43. Ba4 Kc4 44. g5 Nd3+ 45. Rxd3 Kxd3 46. gxf6 Kxc3 47. Ke5 d4 48. f7 d3 49. Be8 d2 50. f8Q d1Q 51. Qa3+ Rb3 52. Qxa5+ Kb2 53. Qa4 Re3+ 54. Kf5 Qf3+ 55. Qf4 Qxh3+ 56. Kg5 Rg3+ 0-1

[Event "Tromsoe Mars GP A"]
[Site "Tromsoe"]
[Date "2017.03.26"]
[Round "6"]
[White "Valvag, Torbjorn"]
[Black "Schouten, Mathias Lind"]
[Result "0-1"]
[WhiteElo "1421"]
[BlackElo "1562"]
[PlyCount "48"]
[EventDate "2017.03.24"]
[EventType "swiss"]
[EventRounds "7"]
[EventCountry "NOR"]
[SourceTitle "EXT 2024"]
[Source "ChessBase"]
[SourceDate "2023.10.10"]
[SourceVersion "1"]
[SourceVersionDate "2023.10.10"]
[SourceQuality "1"]

1. c3 g6 2. d4 Bg7 3. e4 d6 4. Nf3 Nd7 5. Bd3 e5 6. d5 Ngf6 7. 0-0 Nc5 8. Re1 Nxd3 9. Qxd3 0-0 10. Bg5 Bd7 11. Na3 h6 12. Be3 Ng4 13. Bd2 f5 14. h3 Nf6 15. Nh4 fxe4 16. Qg3 g5 17. Ng6 Re8 18. h4 Nh5 19. Qh2 g4 20. f3 g3 21. Qh1 exf3 22. gxf3 Qf6 23. Re4 Qxg6 24. Nc2 Bf5 0-1

[Event "Tromsoe Mars GP A"]
[Site "Tromsoe"]
[Date "2017.03.26"]
[Round "7"]
[White "Vestjord, Harald Christian"]
[Black "Valvag, Torbjorn"]
[Result "1-0"]
[WhiteElo "1584"]
[BlackElo "1421"]
[PlyCount "45"]
[EventDate "2017.03.24"]
[EventType "swiss"]
[EventRounds "7"]
[EventCountry "NOR"]
[SourceTitle "EXT 2024"]
[Source "ChessBase"]
[SourceDate "2023.10.10"]
[SourceVersion "1"]
[SourceVersionDate "2023.10.10"]
[SourceQuality "1"]

1. d4 Nf6 2. c4 e6 3. Nc3 Bb4 4. Qc2 d5 5. cxd5 exd5 6. Bg5 0-0 7. e3 Qd6 8. Bd3 Re8 9. Nge2 Ne4 10. Bf4 Qg6 11. 0-0 Qc6 12. Bb5 Qe6 13. Bxe8 Qxe8 14. Nxd5 Na6 15. Nxb4 Nxb4 16. Qxc7 Na6 17. Qe5 Qxe5 18. Bxe5 Be6 19. f3 Nd2 20. Rfd1 Nc4 21. d5 Bd7 22. Bd4 Nd6 23. e4 1-0

[Event "Nordic-ch U11"]
[Site "Drammen"]
[Date "2017.02.19"]
[Round "5"]
[White "Valvag, Torbjorn"]
[Black "Aapola, Volter"]
[Result "1-0"]
[WhiteElo "1522"]
[BlackElo "1442"]
[PlyCount "63"]
[EventDate "2017.02.17"]
[EventType "swiss"]
[EventRounds "6"]
[EventCountry "NOR"]
[SourceTitle "CBM 177 Extra"]
[Source "ChessBase"]
[SourceDate "2017.04.27"]
[SourceVersion "1"]
[SourceVersionDate "2017.04.27"]
[SourceQuality "1"]

1. e4 c5 2. Nc3 Nc6 3. f4 e6 4. Nf3 d5 5. Bb5 Nge7 6. 0-0 a6 7. Bxc6+ Nxc6 8. e5 Be7 9. d3 0-0 10. Qe1 f6 11. Qg3 fxe5 12. fxe5 Kh8 13. Bg5 Bd7 14. Bxe7 Qxe7 15. Rae1 Kg8 16. a3 Rf7 17. Ng5 Rxf1+ 18. Rxf1 Rf8 19. Rxf8+ Qxf8 20. Nf3 Qf5 21. Na4 Qf8 22. Qf2 b5 23. Nxc5 Bc8 24. g3 d4 25. Nb3 Qf5 26. Nbxd4 Nxd4 27. Nxd4 Qxe5 28. Nc6 Qc7 29. Qc5 Qb7 30. Ne7+ Kf7 31. Nxc8 Qf3 32. Qf2 1-0

[Event "Nordic-ch U11"]
[Site "Drammen"]
[Date "2017.02.17"]
[Round "2"]
[White "Valvag, Torbjorn"]
[Black "Shehzad, Shazil Khan"]
[Result "1-0"]
[WhiteElo "1522"]
[BlackElo "1761"]
[PlyCount "107"]
[EventDate "2017.02.17"]
[EventType "swiss"]
[EventRounds "6"]
[EventCountry "NOR"]
[SourceTitle "CBM 177 Extra"]
[Source "ChessBase"]
[SourceDate "2017.04.27"]
[SourceVersion "1"]
[SourceVersionDate "2017.04.27"]
[SourceQuality "1"]

1. e4 c5 2. Nc3 Nc6 3. f4 g6 4. Nf3 Bg7 5. Bc4 e6 6. d3 Nge7 7. a3 0-0 8. 0-0 d5 9. Ba2 b6 10. Qe1 Nd4 11. Nxd4 Bxd4+ 12. Kh1 Bg7 13. Ne2 Nc6 14. c3 Ba6 15. exd5 exd5 16. Qd1 Qd7 17. Rf3 Rfe8 18. Bd2 Re7 19. Ng3 h5 20. f5 Ne5 21. f6 Nxf3 22. Qxf3 Bxf6 23. Qxf6 Re6 24. Qf3 Bb7 25. Rf1 Rae8 26. Bg5 Qd6 27. Qxf7+ Kh8 28. Bf6+ Rxf6 29. Qxf6+ Qxf6 30. Rxf6 Kg7 31. Rf2 Re3 32. Bb1 Re1+ 33. Rf1 Re6 34. h4 g5 35. Nf5+ Kg6 36. d4 gxh4 37. Nd6+ Kg7 38. Nxb7 Re2 39. dxc5 Rxb2 40. c6 Rb3 41. Rc1 h3 42. c7 hxg2+ 43. Kg1 h4 44. c8Q Rb2 45. Qg4+ Kf7 46. Qxh4 Ke6 47. Re1+ Kd7 48. Qe7+ Kc6 49. Re6+ Kb5 50. Bd3+ Ka4 51. Bc2+ Kb5 52. Qd7+ Ka6 53. Nc5+ Ka5 54. Qa4# 1-0